[Event "AUT-ch U12"]
[Site "Woerth"]
[Date "2014.06.10"]
[Round "7"]
[White "Ortner, Harvey"]
[Black "Bratko, Alexander"]
[Result "0-1"]
[WhiteElo "1371"]
[BlackElo "1489"]
[PlyCount "54"]
[EventDate "2014.06.07"]
[EventType "swiss"]
[EventRounds "7"]
[EventCountry "AUT"]
[SourceTitle "EXT 2016"]
[Source "ChessBase"]
[SourceDate "2015.10.08"]
[SourceVersion "1"]
[SourceVersionDate "2015.10.08"]
[SourceQuality "1"]

1. e4 e6 2. d4 d5 3. Nd2 dxe4 4. Nxe4 Bd7 5. Bd3 Bc6 6. Be3 Nd7 7. Ne2 Ngf6 8. N2g3 Be7 9. c3 0-0 10. 0-0 b6 11. Qf3 Nxe4 12. Nxe4 Qe8 13. Qh3 f5 14. Bc2 Bxe4 15. Bxe4 fxe4 16. Qxe6+ Kh8 17. f3 exf3 18. gxf3 Rf6 19. Qe4 Qg6+ 20. Kh1 Qxe4 21. fxe4 Raf8 22. Rxf6 Nxf6 23. Re1 Nxe4 24. Bc1 Nf2+ 25. Kg2 Bd6 26. Rf1 Nd3 27. Rxf8+ Bxf8 0-1

[Event "AUT-ch U12"]
[Site "Linz"]
[Date "2013.05.21"]
[Round "7"]
[White "Morgunov, Marc"]
[Black "Ortner, Harvey"]
[Result "0-1"]
[WhiteElo "1539"]
[BlackElo "1462"]
[PlyCount "46"]
[EventDate "2013.05.18"]
[EventType "swiss"]
[EventRounds "7"]
[EventCountry "AUT"]
[SourceTitle "EXT 2015"]
[Source "ChessBase"]
[SourceDate "2014.11.20"]
[SourceVersion "1"]
[SourceVersionDate "2014.11.20"]
[SourceQuality "1"]

1. e4 c5 2. Nf3 d6 3. d4 cxd4 4. Nxd4 Nf6 5. Nc3 a6 6. f3 e5 7. Nb3 Nc6 8. Be3 Bd7 9. Be2 Be7 10. 0-0 0-0 11. Bg5 Nh5 12. Bxe7 Qxe7 13. Nd5 Qg5 14. Nb6 Bh3 15. Rf2 Nf4 16. Bf1 Bd7 17. Nxd7 Nh3+ 18. Kh1 Nxf2+ 19. Kg1 Nxd1 20. Nxf8 Qe3+ 21. Kh1 Nf2+ 22. Kg1 Nh3+ 23. Kh1 Qg1# 0-1

[Event "AUT-ch U12"]
[Site "Linz"]
[Date "2013.05.19"]
[Round "4"]
[White "Wischounig, Laurin"]
[Black "Ortner, Harvey"]
[Result "0-1"]
[WhiteElo "1383"]
[BlackElo "1462"]
[PlyCount "90"]
[EventDate "2013.05.18"]
[EventType "swiss"]
[EventRounds "7"]
[EventCountry "AUT"]
[SourceTitle "EXT 2015"]
[Source "ChessBase"]
[SourceDate "2014.11.20"]
[SourceVersion "1"]
[SourceVersionDate "2014.11.20"]
[SourceQuality "1"]

1. d4 d5 2. c4 c6 3. Nc3 Nf6 4. Nf3 e6 5. Bf4 dxc4 6. a4 Bb4 7. e3 Nd5 8. Qc1 Qa5 9. Kd2 Nd7 10. Bxc4 N7f6 11. Bxd5 cxd5 12. Kd3 b6 13. Nb5 0-0 14. Ne5 Ba6 15. Ke2 Ne4 16. Kf3 Nd2+ 17. Kg3 Ne4+ 18. Kh4 Be7+ 19. Kg4 Nxf2+ 20. Kf3 Nxh1 21. Nc6 Rac8 22. Nxe7+ Kh8 23. Nxc8 Rxc8 24. Qxh1 Bxb5 25. axb5 Qxb5 26. Rxa7 Qxb2 27. Qa1 Qb5 28. e4 dxe4+ 29. Ke3 Qd3+ 30. Kf2 e3+ 31. Bxe3 Rc2+ 32. Kf3 Qf5+ 33. Bf4 g5 34. Ra8+ Kg7 35. d5+ f6 36. Qa7+ Kh6 37. g3 Qxd5+ 38. Ke3 gxf4+ 39. Kxf4 Qd2+ 40. Ke4 Rc4+ 41. Kf3 Qd3+ 42. Kg2 Qe2+ 43. Kh3 Qh5+ 44. Kg2 Rc2+ 45. Kf1 Qd1# 0-1